[Event "Lloyds Bank op"]
[Site "London"]
[Date "1987.??.??"]
[Round "4"]
[White "Manor, Ilan"]
[Black "Anand, Viswanathan"]
[Result "1-0"]
[WhiteElo "2375"]
[BlackElo "2505"]

1.d4 Nf6 2.c4 e6 3.g3 d5 4.Bg2 Be7 5.Nf3 O-O 6.O-O dxc4 7.Ne5 Nc6 8.Nxc6 bxc6
9.Na3 Bxa3 10.bxa3 Nd5 11.Qa4 Nb6 12.Qxc6 Rb8 13.Qc5 Bb7 14.e4 Qd6 15.Bf4 Qxc5
16.dxc5 Na4 17.Rfc1 Ba6 18.Bf1 Nxc5 19.Bxc4 Rb7 20.Be3 Bxc4 21.Bxc5 Bd3 22.Bxf8 Kxf8
23.f3 Ke7 24.Rc3 Ba6 25.Rac1 Kd7 26.a4 Kd6  1-0

[Event "USA-op"]
[Site "Los Angeles"]
[Date "1987.??.??"]
[Round "3"]
[White "Gulko, Boris F"]
[Black "Saidy, Anthony Fred"]
[Result "1-0"]
[WhiteElo "2565"]
[BlackElo "2425"]

1.d4 Nf6 2.c4 e6 3.Nf3 d5 4.g3 Be7 5.Bg2 O-O 6.Qc2 Nbd7 7.O-O c6 8.b3 b5
9.c5 a5 10.Nc3 Ba6 11.Re1 Rc8 12.e4 Nxe4 13.Nxe4 dxe4 14.Qxe4 Nf6 15.Qe2 Nd5
16.Bd2 Ra8 17.Ne5 Bb7 18.h4 Bf6 19.Qg4 Bxe5 20.dxe5 Kh8 21.Bg5 Qc7 22.Rad1 h6
23.Be4 a4 24.Qh5 axb3 25.Rxd5 cxd5 26.Bf6 Kg8 27.Qg4 g6 28.Bxg6  1-0

[Event "Marseille"]
[Site "Marseille"]
[Date "1987.??.??"]
[Round "?"]
[White "Kouatly, Bachar"]
[Black "Agdestein, Simen"]
[Result "0-1"]
[WhiteElo "2470"]
[BlackElo "2565"]

1.d4 e6 2.Nf3 Nf6 3.g3 d5 4.Bg2 Be7 5.c4 O-O 6.O-O dxc4 7.Qc2 a6 8.a4 Bd7
9.Ne5 Bc6 10.Nxc6 Nxc6 11.e3 Na5 12.Nd2 c5 13.dxc5 Qc7 14.b3 cxb3 15.Nxb3 Nxb3
16.Qxb3 Rab8 17.c6 bxc6 18.Qc4 c5 19.Qxa6 c4 20.Bd2 c3 21.Rfc1 Bb4 22.Be1 Rbc8
23.Rc2 Ba5 24.Rac1 Rfd8 25.Bb7 Rb8 26.Bc6 Qe5 27.Qd3 Qc5 28.Bxc3 Bxc3 29.Rxc3 Qxc6
30.Rxc6 Rxd3  0-1

[Event "Moscow-A"]
[Site "Moscow"]
[Date "1987.??.??"]
[Round "?"]
[White "Razuvaev, Yuri S"]
[Black "Geller, Efim P"]
[Result "1/2-1/2"]
[WhiteElo "2510"]
[BlackElo "2500"]

1.d4 d5 2.c4 e6 3.Nf3 Nf6 4.g3 Be7 5.Bg2 O-O 6.O-O dxc4 7.Qc2 a6 8.Qxc4 b5
9.Qc2 Bb7 10.Bg5 Nbd7 11.Bxf6 Nxf6 12.Nbd2 Rc8 13.Nb3 Be4 14.Qc3 Bd5 15.Rfd1 Ne4
16.Qe3 c5 17.Ne5 cxd4 18.Nxd4 Nf6 19.Nec6 Qe8 20.Nxe7+ Qxe7 21.Nf5 Qd8 22.Bxd5 Nxd5
23.Rxd5 exd5 24.Ne7+ Kh8 25.Nxc8 Qxc8 26.Rc1 Qd7 27.Rc5 h6 28.Qd4 Rd8 29.b4 Kg8
30.e3 Qf5 31.Kg2 Rd6  1/2-1/2

[Event "Munich zt"]
[Site "Munich"]
[Date "1987.??.??"]
[Round "?"]
[White "Zueger, Beat"]
[Black "Gruenfeld, Yehuda"]
[Result "1/2-1/2"]
[WhiteElo "2400"]
[BlackElo "2540"]

1.c4 Nf6 2.Nf3 e6 3.g3 d5 4.Bg2 Be7 5.d4 O-O 6.Nc3 dxc4 7.Ne5 c5 8.dxc5 Qc7
9.Nxc4 Qxc5 10.Qb3 Nc6 11.Be3 Nd4 12.Bxd4 Qxd4 13.O-O Bd7 14.Rad1 Qc5 15.Ne4 Qc7
16.Nxf6+ Bxf6 17.Nd6 Rab8 18.Rd2 b5  1/2-1/2

[Event "New York op"]
[Site "New York"]
[Date "1987.??.??"]
[Round "?"]
[White "Csom, Istvan"]
[Black "Olafsson, Helgi"]
[Result "1-0"]
[WhiteElo "2485"]
[BlackElo "2555"]

1.d4 Nf6 2.c4 e6 3.g3 d5 4.Bg2 Be7 5.Nf3 O-O 6.O-O dxc4 7.Qa4 a6 8.Qxc4 b5
9.Qc2 Bb7 10.Bf4 Nd5 11.Nc3 Nxf4 12.gxf4 Qc8 13.Ne4 Nd7 14.Rac1 Rb8 15.Ne5 Nxe5
16.fxe5 Bd5 17.Qxc7 Qxc7 18.Rxc7 Bd8 19.Rc2 Bxa2 20.Nc5 Rc8 21.Ra1 Bc4 22.Rxa6 Be7
23.Ra7 Rfe8 24.e3 f6 25.Ne4 fxe5 26.dxe5 Bd3 27.Rcc7 Kf8 28.Nd6 Rxc7 29.Rxc7 Rd8
30.Rc6 Ra8 31.Rc1 Rd8 32.Rc6 Ra8 33.Rc1 Rd8 34.Nb7 Rd7 35.Nc5 Bxc5 36.Rxc5 Bc4
37.Bf3 Rd2 38.b3 Bd3 39.Rc8+ Ke7 40.Rc7+ Kf8 41.Rd7 b4 42.h4 h6 43.Rd4 Ke7
44.Kg2 g5 45.hxg5 hxg5 46.Kg3  1-0

[Event "New York op"]
[Site "New York"]
[Date "1987.??.??"]
[Round "?"]
[White "Pavlovic, Milos"]
[Black "Lein, Anatoly"]
[Result "1/2-1/2"]
[WhiteElo "2350"]
[BlackElo "2470"]

1.d4 Nf6 2.Nf3 d5 3.c4 e6 4.g3 Be7 5.Bg2 O-O 6.O-O Nbd7 7.Qc2 c6 8.Rd1 Ne4
9.Ne1 f5 10.Nd3 Bf6 11.e3 Nb6 12.b3 Bd7 13.c5 Nc8 14.Bb2 h5 15.f3 Ng5 16.Nd2 Be8
17.h4 Nh7 18.f4 Be7 19.b4 Nf6 20.Nf3 Ng4 21.Qd2 Bf6 22.Bf1 a5 23.bxa5 Qxa5
24.Bc3 Qa7 25.a4 Rf7 26.Rdb1 Rc7 27.Qe1 Bd7 28.a5 Ne7 29.a6 bxa6 30.Ba5 Rb7
31.Nb4 Rb5 32.Nd2 Qb7 33.Bxb5 cxb5 34.Nb3 Nc6 35.Nxc6 Bxc6 36.Bb6 Be8 37.Na5 Qb8
38.Rb3 Be7 39.Ra2 Nf6 40.Rba3 Ne4 41.Nb3 Qb7 42.Kg2 Kh7 43.Nc1 e5 44.Nd3 exd4
45.exd4 Bf6 46.Qa1 Qf7 47.Ba5 Bd7 48.Be1 Bc8 49.Kh2 Ra7 50.Rc2 Qg6 51.Nb4 Rd7
52.c6 Rd6 53.Qd1 Be7 54.c7 Re6 55.Rxa6 Bxb4 56.Rxe6 Bxe6 57.c8=Q Bxc8 58.Rxc8 Bxe1
59.Qxe1 Qa6 60.Rb8 Qa2+ 61.Kg1 Qb3 62.Rb7 Qb2 63.Qe3 b4 64.Kh1 Kg6 65.Rb6+ Kf7
66.Rb7+ Ke6 67.Kg1 Kd6 68.Kh1 Qc3 69.Qxc3 bxc3 70.Rb6+ Kd7 71.Rb7+ Kc6 72.Rb8 Nd6
73.Rb1 Nb5 74.Rc1 Kb6 75.Kg2 Ka5 76.Kf2 Kb4 77.Ke3 Kc4 78.Ra1 c2 79.Kd2 Kb3
80.Ra8 Kb2 81.Rc8 Nxd4 82.Kd3 c1=Q 83.Rxc1 Kxc1 84.Kxd4 Kd2 85.Kxd5 Ke3 86.Ke5 Kf3
87.Kxf5 Kxg3 88.Kg5  1/2-1/2

[Event "New York op"]
[Site "New York"]
[Date "1987.??.??"]
[Round "?"]
[White "Alburt, Lev O"]
[Black "Morovic Fernandez, Ivan"]
[Result "1/2-1/2"]
[WhiteElo "2575"]
[BlackElo "2525"]

1.d4 d5 2.c4 e6 3.Nf3 Nf6 4.g3 Be7 5.Bg2 O-O 6.O-O dxc4 7.Qc2 a6 8.Qxc4 b5
9.Qc2 Bb7 10.Bd2 Be4 11.Qc1 Nbd7 12.Ba5 Rc8 13.a4 bxa4 14.Nc3 Ba8 15.Nxa4 Qe8
16.b4 Nb6 17.Nc5 Qb5 18.Re1 Nc4 19.e4 Nxa5 20.Rxa5 Qxb4 21.Ra4 Qb5 22.Bf1 Qe8
23.Qd2 Bxc5 24.dxc5 Bc6 25.Rxa6 Ra8 26.Ne5 Rxa6 27.Bxa6 Qa8 28.Bd3 Nd7 29.Qc3 Nxe5
30.Qxe5 Rd8 31.Ra1 Qb8 32.Qc3 Qc8 33.Bc2 Qd7 34.f3 Kf8 35.Rd1 Qe7 36.Rxd8+  1/2-1/2

[Event "URS-ch otbor"]
[Site "Norilsk"]
[Date "1987.??.??"]
[Round "?"]
[White "Gelfand, Boris"]
[Black "Timoshchenko, Gennadi A"]
[Result "1-0"]
[WhiteElo "2510"]
[BlackElo "2490"]

1.d4 d5 2.c4 e6 3.Nf3 Nf6 4.g3 Be7 5.Bg2 O-O 6.O-O dxc4 7.Ne5 Nc6 8.Bxc6 bxc6
9.Nxc6 Qe8 10.Nxe7+ Qxe7 11.Qa4 c5 12.Qxc4 cxd4 13.Qxd4 e5 14.Qh4 Rb8 15.b3 Rd8
16.Bg5 Rd4 17.Bxf6 Qxf6 18.Qxf6 gxf6 19.Rc1 Ba6 20.Kf1 h5 21.Ke1 h4 22.Rd1 hxg3
23.hxg3 Kg7 24.Rxd4 exd4 25.Na3 Re8 26.Nc4 Bxc4 27.bxc4 d3 28.e3 Rb8 29.Rd1 Rb2
30.Rxd3 Rxa2 31.Rc3 Kf8 32.c5 Ke7 33.c6 Kd8 34.Rd3+ Kc7 35.Rd7+ Kxc6 36.Rxf7 Kd5
37.Rxf6 a5 38.g4 a4 39.Rf4 a3 40.Ra4 Kc5 41.Kf1 Kb5 42.Ra7 Kb4 43.g5 Ra1+
44.Kg2 Rd1 45.f4 Rd6 46.Kf3  1-0

[Event "OL Wuert 8687"]
[Site "?"]
[Date "1987.??.??"]
[Round "?"]
[White "Hoensch, Matthias"]
[Black "Sick, Oliver"]
[Result "1/2-1/2"]
[WhiteElo "2300"]
[BlackElo "2315"]

1.Nf3 d5 2.d4 Nf6 3.g3 e6 4.c4 Be7 5.Bg2 O-O 6.O-O c6 7.b3 Nbd7 8.Bb2 Ne4
9.Nfd2 f5 10.f3 Nxd2 11.Qxd2 Bg5 12.e3 Nf6 13.Qe2 Bd7 14.Ba3 Rf7 15.Bd6 Ne8
16.Be5 Bf6 17.Nc3 Bxe5 18.dxe5 Qa5 19.Rfc1 dxc4 20.f4 cxb3 21.axb3 Qd8 22.e4  1/2-1/2

[Event "Ostend op"]
[Site "Ostend"]
[Date "1987.??.??"]
[Round "5"]
[White "Conquest, Stuart"]
[Black "Kosten, Anthony C"]
[Result "1-0"]
[WhiteElo "2395"]
[BlackElo "2495"]

1.d4 Nf6 2.c4 e6 3.g3 d5 4.Nf3 Be7 5.Bg2 O-O 6.Qc2 c5 7.O-O cxd4 8.Nxd4 e5
9.Nf5 dxc4 10.Nd2 Nc6 11.Nxc4 Qc7 12.Rd1 Bc5 13.Bd2 Be6 14.Nce3 Nd4 15.Nxd4 exd4
16.Bb4 dxe3 17.Qxc5 exf2+ 18.Kxf2 Rfc8 19.Rac1 Qxc5+ 20.Bxc5 Rc7 21.Bd4 Re7
22.Bc5 Rc7 23.Ba3 Rxc1 24.Rxc1 Ng4+ 25.Kg1 Rc8 26.Rxc8+ Bxc8 27.b3 b6 28.Bd6 Ne3
29.Ba8 a6 30.Bc7 b5 31.Bb6 Ng4 32.Bc5 g6 33.Kg2 f6 34.Bd5+ Kg7 35.h4 Ne5
36.Kf2 Nd7 37.Bb4 Nb6 38.Bf3 Kf7 39.Ke3 Ke6 40.Kd4 f5 41.e4 fxe4 42.Bxe4 Nd7
43.Bg2 Kf6 44.Bd2 Ke6 45.g4 Kf7 46.g5 Ke6 47.Bh3+ Kf7 48.Bb4 Ke8 49.Be6 Bb7
50.Bd5 Bc8 51.Bc6 Kd8 52.Kd5 Nb8 53.Ba8 Bf5 54.Kd6 Kc8 55.Bd5 Bb1 56.a3 Kd8
57.Bg8 Be4 58.Bxh7 Nc6 59.h5 Ne7 60.Ke6 Bd5+ 61.Kf6 Ng8+ 62.Bxg8 Bxg8 63.h6  1-0

[Event "Pavlodar"]
[Site "Pavlodar"]
[Date "1987.??.??"]
[Round "?"]
[White "Vladimirov, Evgeny"]
[Black "Nenashev, Alexander"]
[Result "0-1"]
[WhiteElo "2525"]
[BlackElo "2415"]

1.d4 Nf6 2.c4 e6 3.Nf3 d5 4.g3 Be7 5.Bg2 O-O 6.O-O c6 7.Nbd2 b6 8.b3 Bb7
9.Bb2 Na6 10.Ne5 Rc8 11.e4 Rc7 12.Qe2 Bb4 13.Rad1 Qe7 14.Nb1 Nxe4 15.Bxe4 dxe4
16.c5 bxc5 17.a3 Ba5 18.dxc5 Nxc5 19.b4 Ba6 20.Qc2 Bxf1 21.Kxf1 f6 22.Nc4 Bxb4
23.axb4 Nd3 24.Rxd3 exd3 25.Qxd3 Qd7 26.Qxd7 Rxd7 27.Nbd2 Rb8 28.Ba3 Rd3
29.Ke2 Rc3 30.Bb2 Rxc4 31.Nxc4 Rxb4 32.Kd3 e5 33.Bc3 Ra4 34.Nb2 Ra3 35.Kc4 Kf7
36.h4 Ke6 37.Nd3 Ra2 38.Bb2 Kf5 39.f3 h5 40.Kb3 Ra5 41.Bc3 Rb5+ 42.Kc4 e4
43.fxe4+ Kxe4 44.Bb4 Kf3 45.Bd6 a5 46.Nf4 Kg4 47.Ne6 Rd5 48.Bc7 g5 49.hxg5 fxg5
50.Kc3 h4 51.gxh4 gxh4 52.Nf4 Rc5+ 53.Kd4 Rb5 54.Nd3 a4 55.Ne5+ Rxe5 56.Bxe5 h3
57.Ke3 Kf5  0-1

[Event "POL-ch"]
[Site "?"]
[Date "1987.??.??"]
[Round "?"]
[White "Panczyk, Krzysztof"]
[Black "Bany, Jerzy"]
[Result "1/2-1/2"]
[WhiteElo "2410"]
[BlackElo "2430"]

1.d4 e6 2.Nf3 d5 3.c4 Nf6 4.g3 Be7 5.Bg2 O-O 6.O-O dxc4 7.Qc2 a6 8.Qxc4 b5
9.Qc2 Bb7 10.Bf4 Bd6 11.Nbd2 Nbd7 12.a4 Qb8 13.axb5 axb5 14.Qd3 Bxf4 15.gxf4 c5
16.dxc5 Nxc5  1/2-1/2

[Event "Portoroz"]
[Site "Portoroz"]
[Date "1987.??.??"]
[Round "?"]
[White "Xu Jun"]
[Black "Dizdar, Goran"]
[Result "0-1"]
[WhiteElo "2495"]
[BlackElo "2505"]

1.d4 Nf6 2.c4 e6 3.Nf3 d5 4.g3 Be7 5.Bg2 O-O 6.O-O c6 7.Qc2 Nbd7 8.Nbd2 b6
9.e4 Bb7 10.e5 Ne8 11.cxd5 cxd5 12.Nb3 Qc7 13.Qb1 Ba6 14.Re1 Rc8 15.Bd2 Qd8
16.h4 h6 17.Nc1 Nb8 18.Nd3 Nc6 19.Nf4 Qd7 20.Bh3 Bb4 21.Qd1 Nc7 22.Rc1 Be7
23.Bf1 Bxf1 24.Rxf1 Rfd8 25.Nh5 Ne8 26.Be3 Na5 27.b3 Rxc1 28.Bxc1 Rc8 29.Nh2 Bf8
30.Be3 Qb5 31.Qg4 Kh8 32.Qf3 Kg8 33.g4 Nc6 34.g5 hxg5 35.hxg5 Qd3 36.Rd1 Qc2
37.Kg2 Ne7 38.Rc1 Qd3 39.Nf4 Qf5 40.Rxc8 Nxc8 41.Qg4 Qe4+ 42.Qf3 Qf5 43.Qg4 Ne7
44.Qxf5 Nxf5 45.Kf1 Nc7 46.Ke2 Na6 47.Nd3 Nb4 48.Nxb4 Bxb4 49.Nf3 Kh7 50.Bc1 Kg6
51.a3 Bc3 52.Kd3 Ba1 53.a4 a6 54.b4 Kh5 55.b5 axb5 56.axb5 Kg4 57.Nh2+ Kh3
58.Nf3 g6 59.Ng1+ Kg2 60.Ne2 Ne7 61.Nc3 Bxc3  0-1

[Event "Portoroz"]
[Site "Portoroz"]
[Date "1987.??.??"]
[Round "?"]
[White "Xu Jun"]
[Black "Sifrer, Darko"]
[Result "1-0"]
[WhiteElo "2495"]
[BlackElo "2355"]

1.d4 d5 2.c4 e6 3.Nf3 Nf6 4.g3 Be7 5.Bg2 O-O 6.Qc2 b6 7.O-O Bb7 8.cxd5 exd5
9.Nc3 Nbd7 10.Rd1 c6 11.e4 dxe4 12.Ne5 h6 13.Nxe4 Nxe4 14.Bxe4 Nxe5 15.dxe5 Qc7
16.Bf4 Rad8 17.e6 Qc8 18.Rxd8 Rxd8 19.exf7+ Kh8 20.Bf5 Qa8 21.Re1 Bb4 22.Re6 Bf8
23.Be5  1-0

[Event "Bohemians"]
[Site "Prague"]
[Date "1987.??.??"]
[Round "?"]
[White "Mozny, Milos"]
[Black "Zelic, Zdravko"]
[Result "1-0"]
[WhiteElo "2405"]
[BlackElo "2405"]

1.Nf3 Nf6 2.c4 e6 3.g3 d5 4.d4 Be7 5.Bg2 O-O 6.O-O dxc4 7.Ne5 Nc6 8.Nxc6 bxc6
9.Na3 Bxa3 10.bxa3 Nd5 11.Qa4 Nb6 12.Qxc6 Rb8 13.Qc5 Bb7 14.e4 Qd6 15.Bf4 Qxc5
16.dxc5 Na4 17.Rfc1 Ba6 18.Bf1 Nxc5 19.Bxc4 Bb7 20.f3 Rbd8 21.Rab1 Ba8 22.Bxc7 Rc8
23.Bd6 Rfd8 24.Be7 Re8 25.Bxc5 Rxc5 26.Bb5 Rxc1+ 27.Rxc1 Rd8 28.Kf2 g5 29.Ke3 Rb8
30.a4 Bb7 31.Rc7 Kg7 32.Bd3 h5 33.Rc5  1-0

[Event "Bohemians"]
[Site "Prague"]
[Date "1987.??.??"]
[Round "?"]
[White "Pekarek, Ales"]
[Black "Vokac, Marek"]
[Result "1/2-1/2"]
[WhiteElo "2480"]
[BlackElo "2430"]

1.d4 Nf6 2.c4 e6 3.g3 d5 4.Nf3 Be7 5.Bg2 O-O 6.O-O dxc4 7.Ne5 Nc6 8.Nxc6 bxc6
9.Na3 Bxa3 10.bxa3 Nd5 11.Qa4 Nb6 12.Qxc6 Rb8 13.Qc5 Qd6  1/2-1/2

[Event "Bohemians"]
[Site "Prague"]
[Date "1987.??.??"]
[Round "?"]
[White "Schulz, Klaus Juergen"]
[Black "Prandstetter, Eduard"]
[Result "1/2-1/2"]
[WhiteElo "2440"]
[BlackElo "2430"]

1.d4 e6 2.Nf3 Nf6 3.g3 d5 4.Bg2 Be7 5.c4 O-O 6.Qc2 c5 7.cxd5 Nxd5 8.dxc5 Qa5+
9.Nbd2 Qxc5 10.Qe4 Nc6 11.O-O Bd7 12.Nb3 Qb6 13.Qb1 Na5 14.Nxa5 Qxa5 15.Bd2 Bb4
16.Bxb4 Qxb4  1/2-1/2

[Event "PRC-chT"]
[Site "?"]
[Date "1987.??.??"]
[Round "?"]
[White "Xu Jun"]
[Black "Li Zunian"]
[Result "0-1"]
[WhiteElo "2505"]
[BlackElo "2450"]

1.d4 Nf6 2.c4 e6 3.g3 d5 4.Bg2 Be7 5.Nf3 O-O 6.O-O dxc4 7.Qa4 a6 8.Qxc4 b5
9.Qc2 Bb7 10.Bd2 Be4 11.Qc1 Bb7 12.Bf4 Nd5 13.Nc3 Nxf4 14.Qxf4 Nd7 15.Rfd1 Bd6
16.Qe3 Qe7 17.a4 bxa4 18.Nxa4 Rfd8 19.Nd2 Bxg2 20.Kxg2 Nb6 21.Ne4 Nxa4 22.Rxa4 Bb4
23.Rc1 a5 24.Nc5 Qd6 25.Nd3 c5 26.Nxc5 Qxd4 27.Qxd4 Rxd4 28.Nd3 Bc3 29.Ra2 Bd2
30.Rc7 h6 31.Rb7 a4 32.b4 a3 33.b5 Bb4 34.Nxb4 Rxb4 35.b6 g5 36.Ra7 Rxa7
37.bxa7 Ra4 38.Kf3 Kg7 39.Ke3 Kf6 40.Kd3 Rxa7 41.Kc3 Kf5 42.h3 Ke4 43.Kc2 f5
44.Kb1 f4 45.gxf4 gxf4 46.Rc2 Rb7+ 47.Ka1 Rb2 48.Rc4+ Kf5 49.e4+ Kf6  0-1

[Event "Pucarevo zt"]
[Site "Pucarevo"]
[Date "1987.??.??"]
[Round "2"]
[White "Hulak, Krunoslav"]
[Black "Kotronias, Vasilios"]
[Result "1/2-1/2"]
[WhiteElo "2540"]
[BlackElo "2440"]

1.Nf3 Nf6 2.d4 e6 3.g3 d5 4.Bg2 Be7 5.c4 O-O 6.O-O dxc4 7.Qc2 a6 8.a4 Bd7
9.Qxc4 Bc6 10.Bf4 a5 11.Nc3 Na6 12.Rfe1 Nb4 13.Rac1 Bxf3 14.Bxf3 c6 15.e4 Qb6
16.Rcd1 Rfd8 17.Rd2 Rd7 18.h3 Rad8 19.Red1 h6 20.Bg2 h5 21.Be3 Qa6 22.Qb3 g6
23.Bf1 Qa8 24.Be2 Qb8 25.Kg2 h4 26.g4 Nh7 27.e5 c5 28.Bb5 cxd4 29.Bxd4 Rxd4
30.Rxd4 Rxd4 31.Rxd4 Qxe5 32.Re4 Qc5 33.Qc4 Qb6 34.Qc8+ Kg7 35.Qd7 Bf6 36.Rc4 Bxc3  1/2-1/2

[Event "Reggio Emilia8788-B"]
[Site "Reggio Emilia"]
[Date "1987.??.??"]
[Round "4"]
[White "Grinza, Andrea"]
[Black "Wagman, Stuart"]
[Result "1/2-1/2"]
[WhiteElo "2305"]
[BlackElo "2265"]

1.d4 d5 2.c4 e6 3.g3 Nf6 4.Bg2 Be7 5.Nf3 O-O 6.O-O dxc4 7.Qc2 a6 8.Qxc4 b5
9.Qc2 Bb7 10.Bf4 Nd5 11.Nc3 Nxf4 12.gxf4 Nd7 13.Ne4 c5 14.Nxc5 Nxc5 15.dxc5 Qc7
16.Rac1 Rac8 17.b4 Qxf4 18.Qd2 Qxd2 19.Nxd2 Bxg2 20.Kxg2 Rfd8 21.Nb3 Kf8
22.Rfd1 Bf6 23.Rxd8+ Rxd8 24.Rc2 Ke8 25.Kf3 Be5 26.h3 f5 27.e3 g5 28.c6 Rc8
29.Na5 Bd6 30.a3 Kd8 31.e4 Kc7 32.exf5 Rf8 33.Kg4 Rxf5 34.Re2 Re5 35.Rd2 Rd5
36.Rxd5 exd5 37.Kxg5 Be5 38.f4 Bb2 39.f5 Bxa3 40.f6 Bxb4 41.f7 d4 42.Kf4 d3
43.Ke3 d2 44.Ke2 Kb6 45.Kd1 Kc7 46.Kc2 Kb6 47.Kd1 Kc7 48.Kc2 Kb6  1/2-1/2

[Event "Reykjavik"]
[Site "Reykjavik"]
[Date "1987.??.??"]
[Round "?"]
[White "Tal, Mihail"]
[Black "Agdestein, Simen"]
[Result "1/2-1/2"]
[WhiteElo "2605"]
[BlackElo "2560"]

1.c4 e6 2.g3 d5 3.Bg2 Nf6 4.Nf3 Be7 5.d4 O-O 6.O-O c5 7.cxd5 Nxd5 8.dxc5 Bxc5
9.Qc2 Bb6 10.Rd1 Qe7 11.Nc3 Nxc3 12.Qxc3 Bd7 13.Bf4 Rc8 14.Qd3 Bc6 15.Ng5 g6
16.Ne4 Bxe4 17.Qxe4 Nc6 18.Rd2 Rd8 19.Rad1 Rxd2 20.Rxd2 Qc5 21.Be3 Qc1+ 22.Bf1 Bxe3
23.Qxe3 Kg7 24.Rd7 Qxe3 25.fxe3 Rb8 26.Bg2 a5 27.Kf2 a4 28.Be4 g5 29.Rc7 h6
30.Ke1 Kf6 31.Kd2 Nb4 32.Rxb7 Rxb7 33.Bxb7 Nxa2 34.Bc6 Ke5 35.Bxa4 Nb4 36.Kc3 Nd5+
37.Kc4 Kd6 38.Kd4 f5 39.Bb3 Nf6 40.Bc2 Ng4 41.h4 Nf6 42.hxg5 hxg5 43.e4 e5+
44.Ke3 f4+ 45.gxf4 gxf4+ 46.Kd3 Kc5 47.Kc3 Ng4  1/2-1/2

[Event "Riga op"]
[Site "Riga"]
[Date "1987.??.??"]
[Round "?"]
[White "Kengis, Edvins"]
[Black "Klovans, Janis"]
[Result "1-0"]
[WhiteElo "2485"]
[BlackElo "2420"]

1.d4 Nf6 2.c4 e6 3.Nf3 d5 4.g3 Be7 5.Bg2 O-O 6.Qc2 c5 7.O-O cxd4 8.Nxd4 Nc6
9.Nxc6 bxc6 10.b3 a5 11.Bb2 Ba6 12.Nd2 Nd7 13.Rfd1 Rc8 14.Nf3 Bf6 15.Rac1 Bxb2
16.Qxb2 Qb6 17.e4 Nc5 18.Qd4 dxc4 19.Ne5 Rfd8 20.Nxc4 Rxd4 21.Nxb6 Rcd8 22.Rxd4 Rxd4
23.Bf1 Bxf1 24.Kxf1 Nxe4 25.Rxc6 f5 26.f3 Nd6 27.Ke2 Kf7 28.Rc7+ Kg6 29.Nd7 h6
30.Nc5 e5 31.Ne6 Rd5 32.Rd7 Nb5 33.Rxd5 Nc3+ 34.Kd3 Nxd5 35.Kc4 Nb4 36.a4 Kf6
37.Nc5 Ke7 38.Nb7 Nc6  1-0

[Event "Rio Hondo"]
[Site "Rio Hondo"]
[Date "1987.??.??"]
[Round "5"]
[White "Quinteros, Miguel A"]
[Black "Rubinetti, Jorge A"]
[Result "1/2-1/2"]
[WhiteElo "2490"]
[BlackElo "2410"]

1.c4 e6 2.g3 d5 3.Bg2 Nf6 4.d4 Be7 5.Nf3 O-O 6.O-O dxc4 7.Qc2 a6 8.a4 Bd7
9.Qxc4 Bc6 10.Nc3 b5 11.Qd3 b4 12.Nb1 Be4 13.Qd1 c5 14.Be3 cxd4 15.Bxd4 Nc6
16.Nbd2  1/2-1/2

[Event "Rio Hondo"]
[Site "Rio Hondo"]
[Date "1987.??.??"]
[Round "9"]
[White "Quinteros, Miguel A"]
[Black "Panno, Oscar"]
[Result "1/2-1/2"]
[WhiteElo "2490"]
[BlackElo "2520"]

1.d4 Nf6 2.c4 e6 3.g3 d5 4.Bg2 Be7 5.Nf3 O-O 6.O-O dxc4 7.Qc2 a6 8.a4 Bd7
9.Qxc4 Bc6 10.Bg5 a5 11.Nc3 Na6 12.Rac1 Bxf3 13.Bxf3 c6 14.e4 Nd7 15.Be3 Bg5
16.e5 Nb4 17.Bxg5 Qxg5 18.Be4 Nb6 19.Qe2 Rad8 20.f4 Qe7 21.Rfd1 Rd7 22.Qf2 Rfd8
23.b3 f5 24.Bf3 N6d5 25.Nb1 g5 26.Be2 Kh8 27.Kh1 Rg8 28.Rg1 Qd8 29.Rcd1 Rdg7
30.fxg5 Qxg5 31.Bc4 h5 32.Nd2 Qh6 33.Nf3 f4 34.Nh4  1/2-1/2

[Event "FRA-ch"]
[Site "Rouen"]
[Date "1987.??.??"]
[Round "4"]
[White "Mayer, J."]
[Black "Abravanel, Chely"]
[Result "0-1"]
[WhiteElo "2200"]
[BlackElo "2320"]

1.d4 d5 2.c4 e6 3.g3 Nf6 4.Bg2 Be7 5.Nf3 O-O 6.O-O b6 7.Ne5 Bb7 8.Nc3 Nbd7
9.Qc2 c5 10.Nxd7 Qxd7 11.dxc5 bxc5 12.cxd5 exd5 13.Bg5 d4 14.Bxb7 Qxb7 15.Bxf6 Bxf6
16.Ne4 Be7 17.Rac1 Rac8 18.b3 Rfe8 19.Qd3 h6 20.Rc2 Bf8 21.Nd2 Re6 22.Rfc1 Rce8
23.Nf3 a6 24.Rd2 g6 25.Ne1 h5 26.Rdc2 h4 27.Ng2 h3 28.Nh4 Bh6 29.Rf1 Qd5
30.Nf3 Rf6 31.b4 cxb4 32.Qxd4 Qxd4 33.Nxd4 Rd6 34.e3 Bg7 35.Nf3 a5 36.Rb1 Red8
37.Kf1 Bf6 38.Ke2 g5 39.g4 Rd5 40.Ng1 Bc3 41.Nf3 f6 42.a3 Kg7 43.axb4 axb4
44.Ra2 R5d7 45.Ra6 Re8 46.Ng1 Rh8 47.Kf3 Be5 48.Rxb4 Bxh2 49.Rb1 Be5 50.Ne2 h2
51.Rh1 Rd2 52.Ra7+ Kg6 53.Ng3 Rh3 54.Rb7 Ra2 55.Rb5 Rd2 56.Rb7 Rc2 57.Ra7 Bxg3
58.fxg3 Rh8 59.Rd7 Ra8 60.Rb1 Raa2 61.Rd8 Rf2+ 62.Ke4 Ra4+ 63.Rd4 Ra8 64.Rc1 Rh8
65.Rdd1 Re8+ 66.Kd4 Rg2 67.Rh1 Rh8 68.Kd3 Rxg3 69.Rc2 Rd8+ 70.Ke4 Re8+ 71.Kd5 Rxg4
72.Rcxh2 Rxe3 73.Rh6+ Kf5 74.Rd1  0-1

[Event "FRA-ch"]
[Site "Rouen"]
[Date "1987.??.??"]
[Round "5"]
[White "Kappler, Jean Marie"]
[Black "Cerisier, Philippe"]
[Result "1-0"]
[WhiteElo "2240"]
[BlackElo "2275"]

1.d4 Nf6 2.c4 e6 3.g3 d5 4.Bg2 Be7 5.Nf3 O-O 6.O-O dxc4 7.Na3 c5 8.Nxc4 Nc6
9.dxc5 Bxc5 10.Nfe5 Nxe5 11.Nxe5 Qe7 12.Qb3 Nd7 13.Nd3 Bb6 14.Bd2 Nc5 15.Qa3 Qd8
16.Bb4 Nxd3 17.Bxf8 Nxf2 18.Bc5 Ng4 19.Rfd1 Qc7 20.Rac1 e5 21.Bxb6 Qxb6+
22.Qc5  1-0

[Event "FRA-ch"]
[Site "Rouen"]
[Date "1987.??.??"]
[Round "8"]
[White "Bernard, Christophe"]
[Black "Abravanel, Chely"]
[Result "1-0"]
[WhiteElo "2330"]
[BlackElo "2320"]

1.d4 Nf6 2.Nf3 e6 3.c4 d5 4.g3 Be7 5.Bg2 O-O 6.O-O Nbd7 7.cxd5 exd5 8.Nc3 c6
9.Qc2 Re8 10.Bf4 Bf8 11.Rad1 g6 12.Ne5 Nh5 13.e4 Nxf4 14.gxf4 Nb6 15.f5 gxf5
16.exd5 cxd5 17.f4 Be6 18.Rd3 f6 19.Rg3+ Bg7 20.Nd3 Bf7 21.Bh3 Bg6 22.Qg2 Re7
23.Nb4 Rd7 24.Nc2 Nc8 25.Ne3 Ne7 26.Kh1 b5 27.Rg1 b4 28.Na4 Rc7 29.Nc5 Qc8
30.Nxd5 Nxd5 31.Qxd5+ Kh8 32.Ne6 Rd7 33.Qf3 Qe8 34.d5 Rb8 35.Qd3 Rb6 36.Nxg7 Rxg7
37.Bxf5 Bxf5 38.Qxf5 Rxg3 39.Rxg3 Rd6 40.Rg1 Qa8 41.Rd1 Qg8 42.Rd3 Qe8 43.Kg2 Qe2+
44.Kg3 Rd7 45.Qxd7 Qxd3+ 46.Kh4 Qe4 47.Qc8+ Kg7 48.Qg4+ Kh6 49.Qh5+ Kg7 50.Qd1 Kf7
51.Qd2 Ke7 52.d6+ Kd7 53.Kg3 Qg6+ 54.Kf2 Qh5 55.Ke3 Qc5+ 56.Qd4 Qc1+ 57.Kf3 Qf1+
58.Ke4 Qg2+ 59.Kd3 Qf1+ 60.Kc2 a5 61.Qxf6 Qg2+ 62.Kd3 Qd5+ 63.Ke3 Qc5+ 64.Kf3 Qd5+
65.Kg3 Kc6 66.d7+ Kxd7 67.Qg7+ Kc6 68.Qh6+ Kb7 69.Qxh7+ Ka6 70.Qg6+ Kb7 71.Qg7+ Ka6
72.Qf6+ Kb7 73.a4 Qb3+ 74.Kh4 Qxa4 75.Qe7+ Kc8 76.f5 Qc2 77.Qe5 a4 78.Qe6+ Kd8
79.Qd6+ Ke8 80.Qxb4 Qxh2+ 81.Kg5 Qg2+ 82.Kf6 Qc6+ 83.Ke5 Kf7 84.Qd6 Qc2 85.Qd5+ Ke8
86.Ke6 Qc8+ 87.Kf6 Qc2 88.Qe6+ Kd8 89.Qd6+ Kc8 90.Qe5 Kb7 91.Qb5+ Ka7 92.Ke6 Qe4+
93.Kd6 Qd4+ 94.Ke7 Qg7+ 95.Ke6 Qg8+ 96.Kd6 Qf8+ 97.Kc7 Qe7+ 98.Qd7 Qb4 99.Kc6+ Ka6
100.Qd3+ Ka7 101.Qb5 Qe4+ 102.Qd5 Qe1 103.Qd7+  1-0

[Event "FRA-ch"]
[Site "Rouen"]
[Date "1987.??.??"]
[Round "10"]
[White "Adrian, Claude"]
[Black "Villeneuve, Alain"]
[Result "1-0"]
[WhiteElo "2355"]
[BlackElo "2310"]

1.Nf3 Nf6 2.c4 e6 3.g3 d5 4.d4 Be7 5.Bg2 O-O 6.Qc2 Nbd7 7.O-O c6 8.Rd1 b6
9.b3 Bb7 10.Nc3 b5 11.cxb5 cxb5 12.Nxb5 Qa5 13.a4 Rfc8 14.Qb2 Ba6 15.Bd2 Qb6
16.Bf1 Ne4 17.e3 Nxd2 18.Nxd2 Bb4 19.Rac1 Nf6 20.Rxc8+ Rxc8 21.Rc1 Rxc1 22.Qxc1 g6
23.Nf3 Ne4 24.Ne5 Nd2 25.Be2 f6 26.Nd7 Qd8 27.Qc6 Kf7 28.Bg4 Qe7 29.Nc7 f5
30.Ne5+ Kg7 31.Nxe6+ Kh6 32.Qxa6 fxg4 33.Nxg4+ Kh5 34.h3 Bd6 35.Ng7+ Qxg7
36.Qxd6 Qf7 37.Qxd5+  1-0

[Event "Nordic-chT"]
[Site "Slupsk"]
[Date "1987.??.??"]
[Round "4"]
[White "Staniszewski, Piotr"]
[Black "Hoen, Ragnar"]
[Result "1-0"]
[WhiteElo "2445"]
[BlackElo "2325"]

1.d4 Nf6 2.c4 e6 3.g3 d5 4.Bg2 Be7 5.Nf3 O-O 6.Qc2 c6 7.O-O b6 8.Rd1 Bb7
9.b3 Na6 10.Nc3 Nb4 11.Qb1 a5 12.a3 Na6 13.e4 dxe4 14.Nxe4 Nxe4 15.Qxe4 Nc5
16.Qc2 Nd7 17.Bf4 Qc8 18.a4 Rd8 19.Qe2 Bf6 20.Rac1 c5 21.d5 exd5 22.cxd5 Ba6
23.Qc2 Nf8 24.Be5 Bxe5 25.Nxe5 Ng6 26.Nc6 Rd6 27.Re1 Qc7 28.Re3 Bb7 29.Rce1 Bxc6
30.dxc6 Rad8 31.h4 h5 32.Qf5 Rd1 33.Qxh5 Rxe1+ 34.Rxe1 Nf8 35.Qe5 Qc8 36.c7 Rd2
37.Qe8 Qxc7 38.Re7  1-0

[Event "Sochi"]
[Site "Sochi"]
[Date "1987.??.??"]
[Round "?"]
[White "Razuvaev, Yuri S"]
[Black "Tukmakov, Vladimir B"]
[Result "1/2-1/2"]
[WhiteElo "2490"]
[BlackElo "2580"]

1.d4 Nf6 2.c4 e6 3.g3 d5 4.Nf3 Be7 5.Bg2 O-O 6.O-O dxc4 7.Qc2 a6 8.Qxc4 b5
9.Qc2 Bb7 10.Bd2 Be4 11.Qc1 Bb7 12.Qc2 Be4 13.Qc1 Bb7 14.Qc2 Be4  1/2-1/2

[Event "Tatran Cup"]
[Site "Stary Smokovec"]
[Date "1987.??.??"]
[Round "?"]
[White "Priehoda, Vitezslav"]
[Black "Lengyel, Bela"]
[Result "1-0"]
[WhiteElo "2350"]
[BlackElo "2425"]

1.d4 Nf6 2.c4 e6 3.Nf3 d5 4.g3 Be7 5.Bg2 O-O 6.O-O dxc4 7.Qc2 a6 8.a4 Bd7
9.Qxc4 Bc6 10.Nc3 Nbd7 11.Rd1 Bd6 12.Qd3 Qe8 13.e4 e5 14.d5 Nc5 15.Qc2 Bd7
16.b4 Ncxe4 17.Nxe4 Nxe4 18.Qxe4 Bxa4 19.Re1 f5 20.Qc4 Bb5 21.Qc3 e4 22.Nd4 Bd7
23.f4 Qe7 24.Rb1 Rf6 25.Be3 Qf7 26.Bf1 Qh5 27.Rb2 Qg6 28.Rg2 Re8 29.Nc2 Rc8
30.Bd4 Rff8 31.Ne3 b5 32.Bc5 Qf7 33.h4 Qe7 34.Ra1 Ra8 35.Ra5 h6 36.Rga2 Rfc8
37.h5 Qf7 38.Be2 g5 39.hxg6 Qxg6 40.Kf2 Kh7 41.Rxa6 Rg8 42.g4 Rac8 43.Qe5 Bxe5
44.Rxg6 Bxf4 45.Rxg8 Rxg8 46.gxf5 Rg5 47.Ra7 Bxf5 48.Be7 Bh3 49.Bxg5 hxg5
50.Bg4  1-0